Catálogo
 En Linea

Tratado de topografia,. (Registro nro. 10778)

Detalles MARC
000 -CABECERA
campo de control de longitud fija 00522cam a2200169u 4500
001 - NÚMERO DE CONTROL
campo de control 000011050
005 - FECHA Y HORA DE LA ÚLTIMA TRANSACCIÓN
campo de control 20200929162340.0
008 - DATOS DE LONGITUD FIJA--INFORMACIÓN GENERAL
campo de control de longitud fija 840830s1924 sp a 000 0 spa
010 ## - NÚMERO DE CONTROL DE LA BIBLIOTECA DEL CONGRESO
Número de control de LC 25023736
040 ## - FUENTE DE LA CATALOGACIÓN
Centro catalogador/agencia de origen DO-SdBNP
Centro/agencia transcriptor CarP
Centro/agencia modificador DLC
050 00 - SIGNATURA TOPOGRÁFICA DE LA BIBLIOTECA DEL CONGRESO
Número de clasificación TA545
Número de documento/Ítem .P35
100 1# - ENTRADA PRINCIPAL--NOMBRE DE PERSONA
Nombre de persona Pasini, Claudio. [from old catalog]
9 (RLIN) 26515
245 00 - MENCIÓN DE TÍTULO
Título Tratado de topografia,.
260 ## - PUBLICACIÓN, DISTRIBUCIÓN, ETC.
Lugar de publicación, distribución, etc. Barcelona, :
Nombre del editor, distribuidor, etc. G. Gili,
Fecha de publicación, distribución, etc. 1924.
300 ## - DESCRIPCIÓN FÍSICA
Extensión 2 p.l., 617 p. :
Otras características físicas illus., diagrs. ;
Dimensiones 24 cm.
700 2# - PUNTO DE ACCESO ADICIONAL--NOMBRE DE PERSONA
Nombre de persona Alvarez Valdes, Lino, [from old catalog]
Término indicativo de función/relación tr.
9 (RLIN) 26516
Existencias
Estado de retiro Estado de pérdida Restricciones de uso No para préstamo Código de colección Localización permanente Ubicación/localización actual Ubicación en estantería Fecha de adquisición Número de inventario Total de préstamos Signatura topográfica completa Código de barras Fecha visto por última vez Precio válido a partir de Tipo de ítem Koha
    Préstamo interno   Monografías: Libros y Folletos General General En catalogación 13.10.2009 LF1   11050-10 25.06.2020 25.06.2020 Préstamo interno

Con tecnología Koha